LEADER 00894nam0-22003131i-450- 001 990006950350403321 005 20010910 035 $a000695035 035 $aFED01000695035 035 $a(Aleph)000695035FED01 035 $a000695035 100 $a20010910d1972----km-y0itay50------ba 101 1 $aita$ceng 102 $aIT 105 $ay-------001yy 200 1 $a<>Antichi Greci$fMoses I. Finley 210 $aTorino$cEinaudi$d1972 215 $a197 p.$d24 cm 225 1 $aPiccola biblioteca Einaudi$v51 454 1$12001$a<> Ancient Greeks$1210$aLondon$cChatto & Windus$dc1963$918901 676 $a981$v20$zita 700 1$aFinley,$bMoses I.$f<1912-1986>$0121381 801 0$aIT$bUNINA$gRICA$2UNIMARC 901 $aBK 912 $a990006950350403321 952 $aCOLLEZIONE 239 (51)$b95821$fFGBC 959 $aFGBC 996 $aAncient Greeks$918901 997 $aUNINA LEADER 01316nam 2200373Ia 450 001 996383508103316 005 20221108071000.0 035 $a(CKB)1000000000600384 035 $a(EEBO)2240878439 035 $a(OCoLC)16318688 035 $a(EXLCZ)991000000000600384 100 $a19870730d1685 uy | 101 0 $aeng 135 $aurbn||||a|bb| 200 10$aStrange and wonderful news of the birth of a monstrous child with two heads, and three arms$b[electronic resource] $ewhich was lately born at Attenree, in the county of Meath, in Ireland 210 $aLondon $cPrinted for John Smith$d1685 215 $a1 sheet ([2]) p 300 $aCaption title. 300 $aSigned at end: E.B. 300 $aImprint from colophon. 300 $a"Dublin, January the 31th. 1684/5." 300 $aReproduction of original in the Bodleian Library. 330 $aeebo-0014 606 $aAbnormalities, Human$zEngland$vEarly works to 1800 606 $aMonsters$zEngland$vEarly works to 1800 615 0$aAbnormalities, Human 615 0$aMonsters 700 $aE. B$0790993 801 1$bEAK 801 2$bWaOLN 906 $aBOOK 912 $a996383508103316 996 $aStrange and wonderful news of the birth of a monstrous child with two heads, and three arms$92422929 997 $aUNISA